01116nac a22002171u 4500010001300000082001800013090001500031100003400046245005200080260005100132300002700183490002500210500002900235500001400264500003400278505043100312650001500743942002000758999001500778952010500793 a6502980300a291.13bS4435 c1804d1804 aSebeok, Thomas A. 10aMyth: a symposium.cEdited by Thomas A. Sebeok. aBloomington,bIndiana University Pressc[1965] a180 p.billus.c21 cm.0 aA Midland book, MB83 aIncludes bibliographies. aDonations aDonations - Dr. Mostafa Gouda0 aMyth, symbolism, and truth, by D. Bidney.--The eclipse of solar mythology, by R.M. Dorson.--Myth, metaphor, and simile, by R. Th. Christiansen.--The structural study of myth, by C. LeÌ?vi-Strauss.--The personal use of myth in dreams, by D. Eggan.--Myth and ritual, by Lord Ragian.--The ritual view of myth and the mythic, by S. E. Hyman.-The semantic approach to myth, by P. Wheelwright.--Myth and folktales, by S. Thompson. 0aMythology. cBBk291.13S4435 c1804d1804 00104070aMAINbMAINcLOWd2014-12-06ePurchasel0o291.13 SEBp000002513r2025-07-15 00:00:00yBB